Henry and Mudge get the cold shivers : the seventh book of their adventures (Record no. 264512)
[ view plain ]
| 000 -LEADER | |
|---|---|
| fixed length control field | 00295nam a22001097a 4500 |
| 020 ## - INTERNATIONAL STANDARD BOOK NUMBER | |
| ISBN | 0590062123 |
| 100 ## - MAIN ENTRY--AUTHOR NAME | |
| Personal name | Cynthia Rylant |
| 245 ## - TITLE STATEMENT | |
| Title | Henry and Mudge get the cold shivers : the seventh book of their adventures |
| 250 ## - EDITION STATEMENT | |
| Edition statement | 1st ed. |
| 260 ## - PUBLICATION, DISTRIBUTION, ETC. (IMPRINT) | |
| Place of publication | New York |
| Name of publisher | Scholastic |
| Year of publication | 1989. |
| 942 ## - ADDED ENTRY ELEMENTS (KOHA) | |
| Koha item type | Long Loan Books |
No items available.
